| 000 | 00856nam a2200193 a 4500 | ||
|---|---|---|---|
| 008 | 100713s1970 ||||||||||||||||| || u | ||
| 020 | _a0130024368 | ||
| 050 | _aHF 5635 Hor | ||
| 100 | _aHorngren, Charles T | ||
| 245 | 1 | 0 | _aAccounting for management control: an introduction. (2nd ed.) |
| 250 | _a2nd ed. | ||
| 260 |
_aLondon: _bPrentice-Hall international _c1970 |
||
| 300 | _axvi, 589p. : ill. | ||
| 350 | _a0.00 | ||
| 650 | 0 | _aMANAGERIAL ACCOUNTING | |
| 650 | 0 | _aACCOUNTING--HANDBOOKS, MANUALS, ETC | |
| 995 |
_aMAIN LIBRARY OPEN ACCESS _D0.00 _e729245 _FCBU-MAIN LIBRARY (Kitwe) _H1 _I0.00 _jHF 5635 Hor _M2 _UAVAILABLE _WJul 13, 2010 _y021337 _ZMain Library Open Access Collection |
||
| 995 |
_aANNEX COLLECTION (Main Library) _D0.00 _e729443 _FCBU-MAIN LIBRARY (Kitwe) _H1 _I0.00 _jHF 5635 Hor _M1 _UAVAILABLE _WJul 13, 2010 _y021396 _ZAnnex Low-Usage Collection |
||
| 999 |
_c75598 _d75598 |
||